| 000 | 00404nam a2200157Ia 4500 | ||
|---|---|---|---|
| 008 | 221030s9999 xx 000 0 und d | ||
| 020 | _a817635046X | ||
| 041 | _aEnglish | ||
| 082 |
_a105.23 _bDar |
||
| 100 | _aR. Darnell | ||
| 245 | 0 |
_aDynamic HTML The Comprehensive solution Package Unleased _cby R. Darnell |
|
| 260 |
_bTMH _aNew Delhi _c1998 |
||
| 300 | _a714 | ||
| 650 | _aBE Computer | ||
| 942 | _cBK | ||
| 999 |
_c4783 _d4783 |
||